00754nam a2200205 i 450000100060000000300090000600500170001500700030003200800410003510000290007624501060010526000320021130000300024360000360027365000360030970000320034585200320037799900170040995201220042661146ES-MaACL20251016141507.0t|031110s1963 sp ||||1| spa d1 aEtten, Henry van.94829410aGeorge Fox y los cuáqueros / cHenry van Etten ; traducción del francés por Isabel Gil Ramales. aMadrid : bAguilar, c1963. a217 p. : bil. ; c18 cm.14aFox, George, d1624-1691952022 4aCuáqueros-vHistoria.91580921 aGil Ramales, Isabel.956865 aES-MaACLjC-24944 bR.52759 c61146d61146 00104070aATENEOMbATENEOMcDEPO2d2008-01-17eSCl0oC-24944p1064120r2023-02-23 00:00:00w2023-02-23yMONOGRAFIA